[Event "TOP 12 Feminin 2017"]

[Site "Mulhouse"]

[Date "2017.5.6"]

[Round "2.2"]

[White "Nicoara,Malina"]

[Black "Hamdouchi,Adina"]

[Result "1/2-1/2"]

[WhiteElo "2099"]
[BlackElo "2223"]

[EventDate "2017.??.??"]
[WhiteTeam "Strasbourg"]
[BlackTeam "Montpellier"]


1. d4 Nf6 2. c4 g6 3. Nc3 Bg7 4. e4 d6 5. f3 O-O 6. Be3 e5 7. Nge2 exd4 8. Nxd4
Re8 9. Qd2 Nc6 10. Rd1 Nd7 11. Be2 Nde5 12. O-O a6 13. Nxc6 Nxc6 14. Nd5 Be6
15. Bg5 f6 16. Bh4 Ne5 17. f4 Nf7 18. f5 Bxd5 19. exd5 Qe7 20. Bd3 Bh6 21. Qc3
Be3+ 22. Bf2 Bxf2+ 23. Rxf2 Ne5 24. fxg6 hxg6 25. Rdf1 Rf8 26. Be2 f5 27. Qg3
Qg7 28. b3 Rae8 29. h4 Rf6 30. Bd1 Nf7 31. Rf4 Re5 32. b4 Nh6 33. c5 Qe7 34. h5
Kg7 35. cxd6 Rxd6 36. Qc3 Rf6 37. hxg6 Re3 38. Qc5 Kxg6 39. Rh4 Rd6 40. Qd4 Qe5
41. Qxe5 Rxe5 42. Bf3 Nf7 43. Rc4 Rd7 44. Rfc1 Ree7 45. b5 axb5 46. Rc5 Nd6 47.
Kf2 Kf6 48. g3 Rh7 49. Kg2 Rde7 50. g4 fxg4 51. Bxg4 Rhg7 52. Kf3 Nc4 53. Be6
Ke5 54. Rxb5 Nd6 55. Rb4 Kf6 56. Rf4+ Kg5 57. Rg1+ Kh5 58. Rh1+ Kg5 59. Rg1+
Kh5 60. Rh1+ Kg5 61. Rg4+ Kf6 62. Rh6+ Ke5 63. Rh5+ Kf6 64. Rh6+ Ke5 65. Rh5+
Kf6 66. Rf4+ Kg6 67. Kg4 1/2-1/2

[Event "TOP 12 Feminin 2017"]

[Site "Mulhouse"]

[Date "2017.5.6"]

[Round "2.3"]

[White "Flear,Christine"]

[Black "Wiesner,Paula"]

[Result "0-1"]

[WhiteElo "2095"]
[BlackElo "2061"]

[EventDate "2017.??.??"]
[WhiteTeam "Saint Quentin"]
[BlackTeam "Montpellier"]



1. d4 e6 2. c4 Bb4+ 3. Bd2 a5 4. Nf3 Nf6 5. g3 O-O 6. Bg2 d6 7. O-O Bxd2 8.
Qxd2 Qe7 9. Nc3 e5 10. e4 Nbd7 11. h3 Nb6 12. b3 c6 13. Kh2 Qc7 14. Rad1 Nfd7
15. d5 cxd5 16. cxd5 Nc5 17. g4 Qe7 18. Rfe1 Nbd7 19. Qg5 Nf6 20. Kg1 Qe8 21.
Bf1 Bd7 22. Qh4 Kh8 23. Re3 b5 24. g5 Ng8 25. Nh2 b4 26. Nb1 f5 27. exf5 Rxf5
28. Nd2 Qg6 29. Nhf3 Raf8 30. Qg3 Rf4 31. Be2 Ne7 32. Nh4 Qf7 33. Rf3 Nxd5 34.
Bc4 Be6 35. g6 Qf6 36. gxh7 Ne7 37. Bxe6 Nxe6 38. Rxf4 Nxf4 39. Re1 Nxh3+ 40.
Kg2 Qxf2+ 41. Kxh3 Qxd2 42. Re4 Qf2 0-1

[Event "TOP 12 Feminin 2017"]

[Site "Mulhouse"]

[Date "2017.5.6"]

[Round "2.4"]

[White "Tsulaia,Salome"]

[Black "Dubois,Marie"]

[Result "0-1"]

[WhiteElo "1488"]
[BlackElo "1965"]

[EventDate "2017.??.??"]
[WhiteTeam "Strasbourg"]
[BlackTeam "Montpellier"]


1. e4 c5 2. Nf3 d6 3. d4 cxd4 4. Nxd4 Nf6 5. Nc3 a6 6. Be2 e5 7. Nb3 Be7 8. Be3
Be6 9. O-O O-O 10. Re1 Nc6 11. Bf3 Na5 12. Nd2 Rc8 13. Nd5 Nxd5 14. exd5 Bf5
15. Rc1 b5 16. b3 Bg6 17. g3 Nb7 18. Bg2 Qa5 19. f4 exf4 20. Bxf4 Bf6 21. Ne4
Bb2 22. Rb1 Qxa2 23. Re2 Bh5 0-1

[Event "TOP 12 Feminin 2017"]

[Site "Mulhouse"]

[Date "2017.5.6"]

[Round "2.1"]

[White "Cramling,Pia"]

[Black "Javakhishvili,Lela"]

[Result "1/2-1/2"]

[WhiteElo "2447"]
[BlackElo "2457"]

[EventDate "2017.??.??"]
[WhiteTeam "Monaco"]
[BlackTeam "Bischwiller"]




1. Nf3 Nf6 2. c4 e6 3. Nc3 d5 4. d4 a6 5. Bg5 dxc4 6. a4 Nc6 7. e3 Na5 8. Ne5
Bb4 9. Bxf6 Qxf6 10. Nxc4 b6 11. Nxa5 bxa5 12. Bd3 c5 13. O-O cxd4 14. Ne4 Qh4
15. exd4 Bb7 16. Qf3 O-O 17. Qe3 Rad8 18. g3 Qh5 19. Ng5 Be7 20. f4 Bf6 21. Nf3
Qd5 22. Rad1 g6 23. Be2 Rd6 24. b3 Rfd8 25. Rd2 Rb6 26. Bc4 Qc6 27. h4 Rb4 28.
Kh2 Qb6 29. Ne5 Bd5 30. Rc1 Bxe5 31. fxe5 Bxc4 32. bxc4 Qc6 33. c5 h5 34. Rf1
Rd7 35. Rf6 Qd5 36. Qh6 Rxd4 37. Rxg6+ fxg6 38. Qxg6+ Rg7 39. Qe8+ Kh7 40.
Qxh5+ Kg8 41. Qe8+ Kh7 42. Qh5+ 1/2-1/2

[Event "TOP 12 Feminin 2017"]

[Site "Mulhouse"]

[Date "2017.5.6"]

[Round "2.2"]

[White "Maisuradze,Nino"]

[Black "Daulyte,Deimante"]
[Result "0-1"]

[WhiteElo "2260"]
[BlackElo "2416"]

[EventDate "2017.??.??"]
[WhiteTeam "Bischwiller"]
[BlackTeam "Monaco]




1. Nf3 Nf6 2. d4 e6 3. Bf4 c5 4. e3 Nc6 5. c3 d5 6. Nbd2 cxd4 7. exd4 Nh5 8.
Bg5 f6 9. Be3 Bd6 10. Ne5 g6 11. Nd3 Qc7 12. Be2 Ng7 13. Nf1 e5 14. dxe5 fxe5
15. Bc5 Be6 16. Bxd6 Qxd6 17. Qd2 O-O 18. Ng3 Rf7 19. O-O Raf8 20. b4 b6 21.
Nb2 Qc7 22. c4 Nd4 23. Rac1 Qd6 24. c5 bxc5 25. bxc5 Qc7 26. Nd3 a5 27. c6
Nxe2+ 28. Nxe2 Nf5 29. a4 Nd6 30. Nc5 Qc8 31. Nxe6 Qxe6 32. Qxa5 Nc4 33. Qb4
Qxc6 34. Nc3 Rb7 35. Nb5 Qb6 36. Qc3 Rbf7 37. Qc2 Ne3 38. Qe2 Nxf1 39. Rxf1 e4
40. g3 Rf3 41. Kg2 Qf6 42. Qa2 Kh8 43. Nc7 e3 44. Nxd5 Rxf2+ 45. Rxf2 Qxf2+ 46.
Qxf2 Rxf2+ 47. Kg1 Rxh2 48. Nxe3 Ra2 49. g4 Kg7 50. a5 Re2 0-1

[Event "TOP 12 Feminin 2017"]

[Site "Mulhouse"]

[Date "2017.5.6"]

[Round "2.3"]

[White "Kostiuk,Tatiana"]

[Black "Fischer,Judith"]

[Result "1-0"]

[WhiteElo "2310"]
[BlackElo "2059"]

[EventDate "2017.??.??"]
[WhiteTeam "Monaco"]
[BlackTeam "Bischwiller"]


1. d4 Nf6 2. Nf3 g6 3. g3 Bg7 4. Bg2 O-O 5. c4 c5 6. d5 d6 7. Nc3 Na6 8. O-O
Nc7 9. a4 b6 10. e4 Rb8 11. e5 Nfe8 12. Bf4 Bg4 13. Re1 dxe5 14. Bxe5 f6 15.
Bf4 g5 16. Be3 Nd6 17. b3 Nce8 18. h3 Bxf3 19. Qxf3 Nf7 20. Bd2 Ned6 21. Re6
Ne5 22. Qh5 Qe8 23. Qxe8 Rbxe8 24. Nb5 Nf5 25. Bc3 Nd4 26. Nxd4 cxd4 27. Bxd4
Ng6 28. a5 f5 29. Bxg7 Kxg7 30. axb6 axb6 31. Rxb6 1-0

[Event "TOP 12 Feminin 2017"]

[Site "Mulhouse"]

[Date "2017.5.6"]

[Round "2.4"]

[White "Guerin,Juliette"]

[Black "Lomandong,Noela"]

[Result "0-1"]

[WhiteElo "1875"]
[BlackElo "1966"]

[EventDate "2017.??.??"]
[WhiteTeam "Bischwiller"]
[BlackTeam "Monaco]




1. e4 g6 2. d4 Bg7 3. Nc3 c6 4. f4 d5 5. e5 h5 6. Be3 Nh6 7. Qd2 Bg4 8. h3 Bd7
9. g3 Qa5 10. Nf3 Na6 11. Ng5 Bf5 12. Bd3 Bxd3 13. Qxd3 Nf5 14. Bf2 e6 15. Qe2
Nc7 16. Qd2 Bf8 17. O-O-O Bb4 18. g4 Nb5 19. Qd3 Nxc3 20. bxc3 Bxc3 21. Rdg1
Ne7 22. Rg3 Qa3+ 23. Kd1 Qxa2 24. Qxc3 Qb1+ 25. Ke2 Qxh1 26. Rg1 Qh2 27. Qf3
hxg4 28. Qxg4 Rh5 29. Rg2 Qh1 30. Rg1 Rxg5 31. Qxg5 Qe4+ 32. Kd2 Nf5 33. c3 Qf3
34. Rg2 Kd7 35. h4 Rh8 36. Rh2 Rh5 37. Qg1 Qxf4+ 38. Kc2 Nxh4 39. Bxh4 Rxh4 40.
Rf2 Qe4+ 41. Kb2 Rf4 42. Rc2 Qd3 43. Rc1 Qe2+ 44. Rc2 Qb5+ 45. Ka2 Rf1 46. Qg2
Qa4+ 47. Kb2 Qa1+ 48. Kb3 Rb1+ 0-1

[Event "TOP 12 Feminin 2017"]

[Site "Mulhouse"]

[Date "2017.5.6"]

[Round "2.1"]

[White "Cosma,Elena"]

[Black "Fuchs,Judith"]

[Result "1/2-1/2"]

[WhiteElo "2308"]
[BlackElo "2275"]

[EventDate "2017.??.??"]
[WhiteTeam "Saint Quentin"]
[BlackTeam "Centre Vaucluse"]




1. d4 Nf6 2. Nf3 c5 3. d5 b5 4. Bg5 Qb6 5. Bxf6 Qxf6 6. c3 Qb6 7. e4 g6 8. Nbd2
Bg7 9. Be2 O-O 10. O-O d6 11. a4 b4 12. Nc4 Qc7 13. cxb4 cxb4 14. Rc1 Nd7 15.
Nd4 Nc5 16. e5 dxe5 17. Nc6 Bh6 18. Ne3 Qd6 19. Qc2 Bxe3 20. fxe3 Nd7 21. e4
Bb7 22. a5 Rac8 23. Qc4 Nb8 24. Qxb4 Bxc6 25. Qxd6 exd6 26. dxc6 Rxc6 27. Bb5
Rc5 28. Rxc5 dxc5 29. Rc1 a6 30. Ba4 Rc8 31. b4 c4 32. b5 c3 33. b6 Rc5 34. Bb3
Rxa5 35. Rxc3 Rb5 36. Rc8+ Kg7 37. Bxf7 Kxf7 38. Rxb8 a5 39. Kf2 Rb3 40. Ra8
Rxb6 41. Rxa5 Kf6 1/2-1/2

[Event "TOP 12 Feminin 2017"]

[Site "Mulhouse"]

[Date "2017.5.6"]

[Round "2.2"]

[White "Penalver,Marion"]

[Black "Leconte,Maria"]

[Result "0-1"]

[WhiteElo "1997"]
[BlackElo "2174"]

[EventDate "2017.??.??"]
[WhiteTeam "Centre Vaucluse"]
[BlackTeam "Saint Quentin"]




1. e4 c6 2. d4 d5 3. exd5 cxd5 4. Nf3 Nf6 5. Bd3 Nc6 6. c3 Qc7 7. O-O g6 8. Re1
Bg7 9. Nbd2 O-O 10. Nf1 Bg4 11. Ne3 Bxf3 12. Qxf3 e5 13. Qg3 Rad8 14. Bd2 Nh5
15. Qg5 h6 16. Qg4 e4 17. Bc2 Ne7 18. Bb3 f5 19. Qh3 Qb6 20. Qh4 Bf6 21. Qh3
Bg5 22. g3 f4 23. Nf1 Kh7 24. Qg2 Qe6 25. h4 fxg3 26. fxg3 Rxf1+ 27. Rxf1 Bxd2
28. Qxd2 Nxg3 29. Rf4 Nef5 30. Kg2 Qd6 31. Qf2 e3 32. Qf3 e2 33. Re1 Re8 34.
Qxd5 Ne3+ 0-1

[Event "TOP 12 Feminin 2017"]

[Site "Mulhouse"]

[Date "2017.5.6"]

[Round "2.3"]

[White "Bolon,Karelle"]

[Black "David,Iris"]

[Result "1-0"]

[WhiteElo "2009"]
[BlackElo "1722"]

[EventDate "2017.??.??"]
[WhiteTeam "Saint Quentin"]
[BlackTeam "Centre Vaucluse"]


1. d4 d5 2. Bf4 Nf6 3. e3 Bf5 4. c4 e6 5. Nf3 c5 6. Nc3 Nc6 7. cxd5 Nxd5 8.
Nxd5 Qxd5 9. Bb5 a6 10. Bxc6+ Qxc6 11. O-O c4 12. Ne5 Qb5 13. a4 Qb3 14. Re1
Bb4 15. Re2 f6 16. Nxc4 Qxc4 17. e4 Rd8 18. exf5 Rxd4 19. Rxe6+ Kf7 20. Qf3
Rxf4 21. Qxb7+ Kg8 22. Re8+ Bf8 23. Rae1 Qc5 24. Rxf8+ Kxf8 25. Qb8+ Kf7 26.
Qxf4 Rc8 27. h3 Qc2 28. Qb4 Qxf5 29. Qb7+ Kg6 30. Qxa6 Rc2 31. Qb6 Qf4 32. a5
Qd2 33. Rb1 Qd3 34. Qe3 Qc4 35. b4 Re2 36. Qg3+ Kf7 37. b5 Qa2 38. Qb3+ 1-0

[Event "TOP 12 Feminin 2017"]

[Site "Mulhouse"]

[Date "2017.5.6"]

[Round "2.4"]

[White "Vette,Valerie"]

[Black "Durczak,Marie"]

[Result "1-0"]
[WhiteElo "1742"]
[BlackElo "1702"]

[EventDate "2017.??.??"]
[WhiteTeam "Centre Vaucluse"]
[BlackTeam "Saint Quentin"]


1. e4 d5 2. exd5 Qxd5 3. Nc3 Qd6 4. Nf3 Nf6 5. d4 Bg4 6. Be2 e6 7. O-O c6 8.
Bg5 Be7 9. Qd2 Nd5 10. Ne4 Qb4 11. c3 Qb6 12. Bxe7 Nxe7 13. Nd6+ Kf8 14. Ng5
Bxe2 15. Qxe2 Nd7 16. Ngxf7 1-0

[Event "TOP 12 Feminin 2017"]

[Site "Mulhouse"]

[Date "2017.5.7"]

[Round "3.1"]

[White "Fuchs,Judith"]

[Black "Matnadze,Ana"]

[Result "1/2-1/2"]

[WhiteElo "2275"]
[BlackElo "2413"]

[EventDate "2017.??.??"]
[WhiteTeam "Centre Vaucluse"]
[BlackTeam "Montpellier"]




1. e4 c6 2. d4 d5 3. exd5 cxd5 4. c4 Nf6 5. Nc3 g6 6. Qb3 Bg7 7. cxd5 O-O 8.
Be2 a6 9. Bf3 b5 10. a4 bxa4 11. Rxa4 Nbd7 12. Nge2 a5 13. d6 Ra6 14. dxe7 Qxe7
15. O-O Nb6 16. Ra1 Qb4 17. Qa3 Re8 18. Bc6 Qxa3 19. Rxa3 Bd7 20. Bf3 Nc4 21.
Rb3 Bf8 22. Rb7 Nd6 23. Rc7 Nb5 24. Rb7 Nd6 25. Rc7 Nb5 26. Rb7 Nd6 27. Rc7
1/2-1/2

[Event "TOP 12 Feminin 2017"]

[Site "Mulhouse"]

[Date "2017.5.7"]

[Round "3.2"]

[White "Hamdouchi,A 2223 MTP"]

[Black "Penalver,M 1997 ECV"]

[Result "1-0"]

[WhiteElo "2223"]
[BlackElo "1997"]

[EventDate "2017.??.??"]
[WhiteTeam "Montpellier"]
[BlackTeam "Centre Vaucluse"]



1. Nf3 Nf6 2. g3 b6 3. Bg2 Bb7 4. O-O e6 5. d3 Be7 6. Nbd2 O-O 7. e4 d6 8. b3
c5 9. Bb2 Nc6 10. Re1 Nd7 11. Nc4 Qc7 12. Ne3 Bf6 13. c3 b5 14. d4 b4 15. cxb4
cxd4 16. Nxd4 Nxd4 17. Bxd4 e5 18. Rc1 Qd8 19. Bc3 Nb6 20. a4 Be7 21. Qd3 Re8
22. Rcd1 Bf8 23. a5 Nc8 24. Nc4 Qc7 25. b5 Rb8 26. Ne3 Ba8 27. Rc1 Qd7 28. Bf1
Rd8 29. Red1 Qe6 30. Qc2 Ne7 31. Bc4 Qg6 32. f3 Qh5 33. Qe2 Kh8 34. Nd5 f5 35.
exf5 Qxf5 36. Qe4 Qxe4 37. fxe4 Bxd5 38. exd5 Rdc8 39. Rf1 Kg8 40. Bb4 Rd8 41.
Rc2 g6 42. g4 Bh6 43. Re2 Bg5 44. Kg2 Kg7 45. Kg3 Bf4+ 46. Rxf4 exf4+ 47. Kxf4
Rb7 48. Re6 Rbd7 49. Bxd6 Nxd5+ 50. Bxd5 Rxd6 51. Rxd6 Rxd6 52. Ke5 Rd8 53. b6
axb6 54. axb6 h5 55. gxh5 gxh5 56. b7 h4 57. Be6 Re8 58. Kd6 Kf6 59. Bc8 1-0

[Event "TOP 12 Feminin 2017"]

[Site "Mulhouse"]

[Date "2017.5.7"]

[Round "3.3"]

[White "Vette,Valerie"]

[Black "Flear,Christine"]

[Result "1/2-1/2"]

[WhiteElo "1742"]
[BlackElo "2095"]

[EventDate "2017.??.??"]
[WhiteTeam "Centre Vaucluse"]
[BlackTeam "Montpellier"]



1. e4 c5 2. c3 Nf6 3. e5 Nd5 4. Bc4 Nb6 5. Bb3 c4 6. Bc2 Nc6 7. Nf3 d6 8. exd6
Qxd6 9. d4 Bg4 10. Qe2 e6 11. Nbd2 Na5 12. O-O Be7 13. Re1 O-O 14. h3 Bxf3 15.
Qxf3 Nd5 16. Nxc4 Nxc4 17. Qd3 g6 18. Qxc4 Rfc8 19. Qe2 Bf6 20. Bh6 b5 21. Be4
Rab8 22. Qf3 Rb6 23. Rac1 Qd8 24. Re2 Rd6 25. a3 a6 26. Rd1 a5 27. Bd3 Rb6
1/2-1/2

[Event "TOP 12 Feminin 2017"]

[Site "Mulhouse"]

[Date "2017.5.7"]

[Round "3.4"]

[White "Dubois,Marie"]
[Black "David,Iris"]

[Result "1-0"]

[WhiteElo "1965"]
[BlackElo "1722"]

[EventDate "2017.??.??"]
[WhiteTeam "Montpellier"]
[BlackTeam "Centre Vaucluse"]



1. d4 d5 2. c4 e6 3. Nc3 Nf6 4. cxd5 exd5 5. Bg5 Nbd7 6. e3 Be7 7. Bd3 O-O 8.
Nge2 c6 9. Qc2 Re8 10. O-O h6 11. Bh4 Nf8 12. f3 Ne6 13. Rad1 b6 14. Kh1 Bb7
15. Bf5 Bd6 16. e4 Bc7 17. Bxe6 Rxe6 18. e5 g5 19. Bg3 Nh5 20. f4 gxf4 21. Nxf4
Nxf4 22. Rxf4 c5 23. Rdf1 Rg6 24. Bh4 Qd7 25. Rxf7 Qc6 26. Rxc7 1-0

[Event "TOP 12 Feminin 2017"]

[Site "Mulhouse"]

[Date "2017.5.7"]

[Round "3.1"]

[White "Javakhishvili,Lela"]
[Black "Cosma,Elena"]

[Result "0-1"]

[WhiteElo "2457"]
[BlackElo "2308"]

[EventDate "2017.??.??"]
[WhiteTeam "Bischwiller"]
[BlackTeam "Saint Quentin"]



1. d4 d5 2. c4 e6 3. Nf3 Nf6 4. g3 dxc4 5. Bg2 Nc6 6. Qa4 Bb4+ 7. Bd2 Bd6 8.
Na3 Bxa3 9. Qxa3 Ne4 10. Bf4 Nd6 11. O-O O-O 12. Rfd1 Ne7 13. Nd2 Bd7 14. Rac1
Bc6 15. Bxd6 Qxd6 16. Qxd6 cxd6 17. Nxc4 Bxg2 18. Kxg2 Rfd8 19. Na5 Rd7 0-1

[Event "TOP 12 Feminin 2017"]

[Site "Mulhouse"]

[Date "2017.5.7"]

[Round "3.2"]

[White "Leconte,Maria"]

[Black "Maisuradze,Nino"]

[Result "1/2-1/2"]

[WhiteElo "2174"]
[BlackElo "2260"]

[EventDate "2017.??.??"]
[WhiteTeam "Saint Quentin"]
[BlackTeam "Bischwiller"]

1. e4 c5 2. Nf3 a6 3. c3 d5 4. exd5 Qxd5 5. d4 e6 6. Be3 cxd4 7. cxd4 Nf6 8.
Nc3 Qd8 9. Bd3 Nc6 10. a3 Bd6 11. O-O O-O 12. Rc1 Bd7 13. Bb1 Qa5 14. Bg5 Be7
15. Re1 g6 16. Ba2 Rad8 17. Bh6 Rfe8 18. Ne5 Qb6 19. Be3 Qa5 20. Nc4 Qc7 21. d5
exd5 22. Bb6 Qf4 23. g3 Qg4 24. Qxg4 Bxg4 25. Bxd8 Rxd8 26. Nd2 Bf8 27. Kg2 Bh6
28. f4 g5 29. h3 Be6 30. f5 Bxf5 31. Rf1 Bxh3+ 32. Kxh3 g4+ 33. Kg2 Bxd2 34.
Rcd1 Bxc3 35. bxc3 Kg7 36. Rf4 h5 37. c4 dxc4 38. Rxd8 Nxd8 39. Bxc4 b5 40. Ba2
Nc6 41. Rf5 b4 42. Rc5 Nd4 43. axb4 Kg6 44. Rc4 Nf3 45. Bb1+ Kg7 46. Rc5 h4 47.
gxh4 Nxh4+ 48. Kg3 Nf3 49. Ra5 Nd2 50. Bd3 Nd7 51. Bxa6 Nb3 52. Rg5+ Kf6 53.
Rxg4 Ke5 54. Rg5+ f5 55. Bc8 Kf6 56. Kf4 Nb6 57. Rxf5+ Ke7 58. Bb7 Nd4 59. Ra5
Kd6 60. Ke4 Ne6 61. Rh5 Kc7 62. Bd5 Nf8 63. Rh6 Nfd7 64. Rc6+ Kb7 65. b5 Na4
66. Rc4+ Kb6 67. Rxa4 Nc5+ 68. Kd4 Nxa4 69. Kc4 Nb2+ 70. Kb4  1/2-1/2

[Event "TOP 12 Feminin 2017"]

[Site "Mulhouse"]

[Date "2017.5.7"]

[Round "3.3"]

[White "Fischer,Julie"]

[Black "Bolon,Karelle"]

[Result "1/2-1/2"]

[WhiteElo "2059"]
[BlackElo "2009"]

[EventDate "2017.??.??"]
[WhiteTeam "Bischwiller"]
[BlackTeam "Saint Quentin"]



1. e4 c5 2. Nf3 e6 3. Nc3 a6 4. d4 cxd4 5. Nxd4 Qc7 6. g3 Nc6 7. Bg2 Nf6 8. O-O
Nxd4 9. Qxd4 Bc5 10. Bf4 d6 11. Qd2 h6 12. Rad1 e5 13. Be3 Bg4 14. f3 Bxe3+ 15.
Qxe3 Be6 16. Rd2 O-O 17. Rfd1 Rfd8 18. Kh1 b5 19. g4 Rac8 20. a3 Rd7 21. Bh3 g5
22. Bf1 Rcd8 23. Nd5 Bxd5 24. exd5 Qa7 25. Qd3 e4 26. Qc3 Kg7 27. fxe4 Re8 28.
Bg2 Rc7 29. Qb4 Qc5 30. h3 Qxb4 31. axb4 Nxe4 32. Bxe4 Rxe4 33. c3 Rce7 34. Kg2
Re2+ 35. Kf1 Rxd2 36. Rxd2 Kg6 37. Kf2 f5 38. b3 fxg4 39. hxg4 Re4 40. Kf3 Rf4+
41. Kg3 Re4 42. Kf3 Rf4+ 43. Kg3 h5 44. gxh5+ Kxh5 45. Rh2+ Kg6 46. Rh8 Kf5 47.
Re8 Re4 48. Rf8+ Ke5 49. Kf3 Kxd5 50. Ra8 g4+ 51. Kf2 Rf4+ 52. Kg2 Rf3 53. c4+
bxc4 54. bxc4+ Kxc4 55. Rxa6 d5 56. Ra4 Kb3 57. Ra5 d4 58. Rd5 Kc4 59. Rg5 Kxb4
60. Rxg4 Rd3 61. Kf2 Kc3 62. Ke1 Rh3 63. Rg1 d3 64. Kd1 Rh2 65. Kc1 Rc2+ 66.
Kb1 Kb3 67. Rg8 Rc4 68. Rb8+ Rb4 69. Rd8 Kc3+ 70. Kc1 Rc4 71. Kd1 Rh4 72. Rc8+
Rc4 73. Rd8 Rd4 74. Rxd4 Kxd4 75. Kd2 1/2-1/2

[Event "TOP 12 Feminin 2017"]

[Site "Mulhouse"]

[Date "2017.5.7"]

[Round "3.4"]

[White "Durczak,Marie"]

[Black "Guerin,Juliette"]

[Result "0-1"]

[WhiteElo "2275"]
[BlackElo "2413"]

[EventDate "2017.??.??"]
[WhiteTeam "Saint Quentin"]
[BlackTeam "Bischwiller"]



1. e4 c5 2. Nc3 Nc6 3. g3 g6 4. Bg2 Bg7 5. d3 d6 6. Be3 Nd4 7. Qd2 Qa5 8. Rb1
Nf6 9. h3 O-O 10. Nge2 Ne8 11. O-O e6 12. a3 Bd7 13. f4 Rb8 14. Rfc1 Bc6 15. g4
f5 16. g5 b5 17. b4 Qxa3 18. Bxd4 cxd4 19. Ra1 dxc3 0-1

[Event "TOP 12 Feminin 2017"]

[Site "Mulhouse"]

[Date "2017.5.7"]

[Round "3.2"]

[White "Daulyte,Deimante"]

[Black "Nicoara,Malina"]

[Result "1-0"]

[WhiteElo "2416"]
[BlackElo "2099"]

[EventDate "2017.??.??"]
[WhiteTeam "Monaco"]
[BlackTeam "Strasbourg"]



1. e4 Nf6 2. e5 Nd5 3. d4 d6 4. c4 Nb6 5. exd6 cxd6 6. Nc3 g6 7. h3 Bg7 8. Nf3
O-O 9. Be2 Nc6 10. O-O Bf5 11. Bg5 h6 12. Be3 d5 13. c5 Nc4 14. Bc1 b6 15. b3
N4a5 16. cxb6 axb6 17. Bf4 g5 18. Bg3 g4 19. hxg4 Bxg4 20. Nb5 Rc8 21. Rc1 Bxf3
22. Bxf3 Nxd4 23. Nxd4 Rxc1 24. Qxc1 Bxd4 25. Rd1 Bg7 26. Bxd5 Qc8 27. Qc7 Qf5
28. Qxe7 Qc2 29. Qe1 Qxa2 30. Bd6 Rc8 31. Bxf7+ Kh8 32. Qe6 Qc2 33. Re1 Qc3 34.
Re3 Qc1+ 35. Kh2 1-0

[Event "TOP 12 Feminin 2017"]

[Site "Mulhouse"]

[Date "2017.5.7"]

[Round "3.3"]

[White "Wiesner,Paula"]

[Black "Kostiuk,Tatiana"]

[Result "0-1"]

[WhiteElo "2061"]
[BlackElo "2310"]

[EventDate "2017.??.??"]
[WhiteTeam "Strasbourg"]
[BlackTeam "Monaco"]



1. d4 Nf6 2. c4 c5 3. Nf3 cxd4 4. Nxd4 e5 5. Nb5 d5 6. cxd5 Bc5 7. N5c3 O-O 8.
e3 e4 9. Be2 Qe7 10. O-O Rd8 11. Qc2 Bf5 12. Rd1 Nbd7 13. Nd2 Rac8 14. Nc4 Ne5
15. Qb3 Nxc4 16. Bxc4 Ng4 17. h3 Ne5 18. Bf1 Rd6 19. Ne2 Rb6 20. Qa4 Rb4 21.
Qc2 Bd6 22. Qb1 Nf3+ 23. Kh1 Qh4 24. Bd2 Rb6 25. Ng1 Nxg1 26. Kxg1 Be5 27. Rc1
Rg6 28. Rxc8+ Bxc8 29. Bc3 Bd6 30. Kh1 Bxh3 31. gxh3 Qxf2 32. Qxe4 Qh2+ 0-1

[Event "TOP 12 Feminin 2017"]

[Site "Mulhouse"]

[Date "2017.5.7"]

[Round "3.4"]

[White "Lomandong,Noela"]

[Black "Tsulaia,Salome"]

[Result "1-0"]

[WhiteElo "2275"]
[BlackElo "2413"]

[EventDate "2017.??.??"]
[WhiteTeam "Monaco"]
[BlackTeam "Strasbourg"]



1. Nf3 e6 2. g3 Nf6 3. Bg2 d5 4. c4 Bd6 5. d4 O-O 6. Nc3 Re8 7. Bg5 c6 8. O-O
h6 9. Bxf6 Qxf6 10. e4 dxe4 11. Nxe4 Qd8 12. Nxd6 Qxd6 13. Qb3 Nd7 14. Rfe1 Nf6
15. Rad1 Qc7 16. Ne5 Rd8 17. Qc3 Bd7 18. h4 Rac8 19. g4 Nh7 20. Be4 Rf8 21. g5
hxg5 22. Bxh7+ Kxh7 23. hxg5 Be8 24. Kg2 f6 25. g6+ Kg8 26. Qh3 1-0

[Event "TOP12 Feminin 2017"]
[Site "Mulhouse"]
[Date "2017.05.07"]
[Round "4.1"]
[White "Matnazde, Ana"]
[Black "Cramling, Pia"]
[Result "1/2-1/2"]
[WhiteElo "2413"]
[BlackElo "2447"]
[PlyCount "77"]
[WhiteTeam "Montpellier"]
[BlackTeam "Monaco"]

1. d4 d5 2. Nf3 c5 3. c3 Nc6 4. g3 cxd4 5. cxd4 Nf6 6. Bg2 Bf5 7. O-O e6 8. Qb3
Qd7 9. Nc3 Ne4 10. Nxe4 Bxe4 11. Ne5 Nxe5 12. dxe5 Bxg2 13. Kxg2 Bc5 14. Be3 b6
15. Rac1 Rc8 16. Bd2 O-O 17. f4 Rc7 18. Rc2 Rfc8 19. Rfc1 h6 20. h4 h5 21. Qd3
Bf8 22. Rxc7 Rxc7 23. Rxc7 Qxc7 24. Bc3 Qc6 25. Qf3 g6 26. b3 Bc5 27. a4 a6 28.
Kh3 b5 29. axb5 axb5 30. Kg2 Bb6 31. Be1 Qc1 32. Bf2 Bxf2 33. Kxf2 b4 34. Qe3
Qc2 35. Qb6 Qxb3 36. Qd8+ Kg7 37. Qf6+ Kg8 38. Qd8+ Kg7 39. Qf6+ 1/2-1/2

[Event "TOP12 Feminin 2017"]
[Site "Mulhouse"]
[Date "2017.05.07"]
[Round "4.2"]
[White "Daulyte, Deimante"]
[Black "Hamdouchi, Adina"]
[Result "1-0"]
[WhiteElo "2416"]
[BlackElo "2223"]
[PlyCount "49"]
[WhiteTeam "Monaco"]
[BlackTeam "Montpellier"]

1. e4 e6 2. d4 d5 3. Nd2 dxe4 4. Nxe4 Nd7 5. Nf3 Ngf6 6. Bd3 c5 7. c3 cxd4 8.
Nxd4 Nxe4 9. Bxe4 Nc5 10. Bc2 e5 11. Qe2 Qe7 12. Nf5 Bxf5 13. Bxf5 a6 14. b4 g6
15. Bc2 Nd7 16. Qf3 Rb8 17. O-O Bg7 18. Be3 f5 19. Qd5 Qf7 20. Qa5 f4 21. Bb3
Qe7 22. Bb6 f3 23. Rfd1 Qg5 24. g3 Nf6 25. Qa4+ 1-0

[Event "TOP12 Feminin 2017"]
[Site "Mulhouse"]
[Date "2017.05.07"]
[Round "4.2"]
[White "Flear, Christine"]
[Black "Kostiuk, Tatiana"]
[Result "1/2-1/2"]
[WhiteElo "2095"]
[BlackElo "2310"]
[PlyCount "49"]
[WhiteTeam "Montpellier"]
[BlackTeam "Monaco"]

1. d4 Nf6 2. c4 c5 3. d5 b5 4. cxb5 a6 5. bxa6 g6 6. Nc3 Bxa6 7. e4 Bxf1 8.
Kxf1 d6 9. g3 Bg7 10. Kg2 Nbd7 11. Nf3 O-O 12. a4 Qa5 13. Ra3 Rfb8 14. Qc2 Qb4
15. Nd2 Nb6 16. Rb3 Qa5 17. Rb5 Qa6 18. b3 Ne8 19. Nc4 Nc7 20. Rxb6 Rxb6 21.
Nxb6 Qxb6 22. Bd2 Rb8 23. Rb1 Qa6 24. h4 h5 25. Bf4 1/2-1/2

[Event "TOP12 Feminin 2017"]
[Site "Mulhouse"]
[Date "2017.05.07"]
[Round "4.4"]
[White "Lomandong, Noela-Joyce"]
[Black "Dubois, Marie"]
[Result "1/2-1/2"]
[WhiteElo "1966"]
[BlackElo "1965"]
[PlyCount "78"]
[WhiteTeam "Monaco"]
[BlackTeam "Montpellier"]

1. Nf3 Nf6 2. g3 g6 3. Bg2 Bg7 4. c4 d6 5. Nc3 O-O 6. O-O e5 7. d4 Nc6 8. dxe5
dxe5 9. Nd5 h6 10. Be3 Be6 11. Qc1 Kh7 12. Nxf6+ Qxf6 13. Nd2 Bf5 14. h3 Rad8
15. g4 Bc8 16. g5 Qe6 17. gxh6 Bxh6 18. Ne4 Nd4 19. Re1 g5 20. Bxg5 Rg8 21. Kh1
Rg6 22. Bxh6 Rxg2 23. Kxg2 Qxh3+ 24. Kg1 Rg8+ 25. Ng3 Rxg3+ 26. fxg3 Qxg3+ 27.
Kh1 Bg4 28. Qe3 Nf3 29. exf3 Bxf3+ 30. Qxf3 Qxf3+ 31. Kh2 Kxh6 32. Rg1 f5 33.
Rg3 Qf2+ 34. Rg2 Qh4+ 35. Kg1 Qd4+ 36. Kh2 Qf4+ 37. Rg3 Qf2+ 38. Rg2 Qf4+ 39.
Rg3 Qf2+ 1/2-1/2

[Event "TOP12 Feminin 2017"]
[Site "Mulhouse"]
[Date "2017.05.07"]
[Round "4.2"]
[White "Nicoara, Malina"]
[Black "Leconte, Maria"]
[Result "1/2-1/2"]
[WhiteElo "2099"]
[BlackElo "2174"]
[PlyCount "131"]
[WhiteTeam "Strasbourg"]
[BlackTeam "Saint Quentin"]

1. d4 e6 2. c4 f5 3. g3 Nf6 4. Bg2 Be7 5. Nf3 O-O 6. O-O d6 7. b3 Na6 8. Bb2 c5
9. e3 Ne4 10. Nfd2 Nxd2 11. Nxd2 Bf6 12. f4 Rb8 13. Qe2 Bd7 14. Rfd1 b5 15.
Rac1 bxc4 16. Nxc4 d5 17. Ne5 Bb5 18. Qc2 Bxe5 19. dxe5 Nb4 20. Qb1 Qb6 21. a3
Na6 22. Qa1 Ba4 23. Rd2 Bxb3 24. Bf1 c4 25. Bd4 Nc5 26. Rb2 Rfc8 27. g4 fxg4
28. Rg2 Ba4 29. Rxg4 Qc7 30. Qa2 Nb3 31. Rc3 Nxd4 32. exd4 Rb3 33. Rgg3 Rcb8
34. Qg2 Rxc3 35. Rxc3 Qb6 36. Qf2 Qb2 37. Qe3 Qb1 38. Qh3 Bd7 39. Qh4 Qe4 40.
Qf2 Rb1 41. Rh3 Be8 42. f5 exf5 43. Rh4 Qd3 44. Kg2 Rxf1 45. Qxf1 Qxf1+ 46.
Kxf1 h5 47. Rf4 Bd7 48. h4 g6 49. Rf3 Kf7 50. Kf2 g5 51. hxg5 Kg6 52. Rg3 f4
53. Rg1 Bg4 54. Re1 c3 55. Rc1 h4 56. Rxc3 h3 57. Rc1 Kxg5 58. Rg1 Kh4 59.
Rxg4+ Kxg4 60. e6 f3 61. e7 h2 62. e8=Q h1=Q 63. Qe6+ Kf4 64. Qe5+ Kg4 65. Qe6+
Kf4 66. Qe5+ 1/2-1/2